Construction litigation practice (Record no. 100062)
[ view plain ]
| 000 -LEADER | |
|---|---|
| fixed length control field | 00998cam a2200265 4500 |
| 008 - FIXED-LENGTH DATA ELEMENTS--GENERAL INFORMATION | |
| fixed length control field | 000000n 000 0 eng u |
| 020 ## - INTERNATIONAL STANDARD BOOK NUMBER | |
| International Standard Book Number | 1858112141 |
| 035 ## - SYSTEM CONTROL NUMBER | |
| System control number | (Sirsi) u102780 |
| 050 ## - LIBRARY OF CONGRESS CALL NUMBER | |
| Classification number | 347.4107 |
| 100 ## - MAIN ENTRY--PERSONAL NAME | |
| Personal name | Reynolds, Michael P |
| 245 ## - TITLE STATEMENT | |
| Title | Construction litigation practice |
| 260 ## - PUBLICATION, DISTRIBUTION, ETC. | |
| Place of publication, distribution, etc. | Welwyn Garden City |
| Name of publisher, distributor, etc. | CLT Professional |
| Date of publication, distribution, etc. | 1999? |
| 300 ## - PHYSICAL DESCRIPTION | |
| Extent | xvi, 202p. ; 24cm. |
| 350 ## - PRICE (NR) (BK AM CF MU VM SE) [OBSOLETE] | |
| Price | 48.00 |
| 520 ## - SUMMARY, ETC. | |
| Summary, etc. | Looks at the implications of the Woolf Reforms to construction litigation and how the new rules will provoke further cultural change and provide greater access to justice. |
| 650 ## - SUBJECT ADDED ENTRY--TOPICAL TERM | |
| Topical term or geographic name entry element | CONSTRUCTION LITIGATION |
| 650 ## - SUBJECT ADDED ENTRY--TOPICAL TERM | |
| Topical term or geographic name entry element | WOOLF REPORT |
| 650 ## - SUBJECT ADDED ENTRY--TOPICAL TERM | |
| Topical term or geographic name entry element | ACCESS TO JUSTICE |
| 650 ## - SUBJECT ADDED ENTRY--TOPICAL TERM | |
| Topical term or geographic name entry element | LAW |
| 650 ## - SUBJECT ADDED ENTRY--TOPICAL TERM | |
| Topical term or geographic name entry element | MANAGEMENT-DISPUTE AVOIDANCE, MANAGEMENT AND RESOLUTION-DISPUTE MANAGEMENT AND RESOLUTION-ALTERNATIVE DISPUTE RESOLUTION-ADJUDICATION |
| 650 ## - SUBJECT ADDED ENTRY--TOPICAL TERM | |
| Topical term or geographic name entry element | ALTERNATIVE DISPUTE RESOLUTION |
| 690 ## - LOCAL SUBJECT ADDED ENTRY--TOPICAL TERM (OCLC, RLIN) | |
| Topical term or geographic name as entry element | Dispute resolution |
| 9 (RLIN) | 6236 |
| 700 ## - ADDED ENTRY--PERSONAL NAME | |
| Personal name | Green Russell, Jeffrey |
| 942 ## - ADDED ENTRY ELEMENTS (KOHA) | |
| Suppress in OPAC | 0 |
| Withdrawn status | Lost status | Source of classification or shelving scheme | Damaged status | Not for loan | Home library | Current library | Shelving location | Date acquired | Cost, normal purchase price | Total Checkouts | Full call number | Barcode | Date last seen | Date last checked out | Copy number | Cost, replacement price | Price effective from | Koha item type |
|---|---|---|---|---|---|---|---|---|---|---|---|---|---|---|---|---|---|---|
| Dewey Decimal Classification | London | London | Books | 03/04/2000 | 48.00 | 17 | 347.4107 REY | 30060979 | 06/08/2019 | 05/09/2008 | 1 | 48.00 | 06/08/2019 | Book |